Dynamic Behavior of Pipelines for Marine Applications (Record no. 12650)

000 -LEADER
fixed length control field 03102nam a22005055i 4500
001 - CONTROL NUMBER
control field 978-3-031-24827-6
003 - CONTROL NUMBER IDENTIFIER
control field DE-He213
005 - DATE AND TIME OF LATEST TRANSACTION
control field 20250103112329.0
007 - PHYSICAL DESCRIPTION FIXED FIELD--GENERAL INFORMATION
fixed length control field cr nn 008mamaa
008 - FIXED-LENGTH DATA ELEMENTS--GENERAL INFORMATION
fixed length control field 230318s2023 sz | s |||| 0|eng d
020 ## - INTERNATIONAL STANDARD BOOK NUMBER
International Standard Book Number 9783031248276
-- 978-3-031-24827-6
024 ## - OTHER STANDARD IDENTIFIER
Standard number or code 10.1007/978-3-031-24827-6
Source of number or code doi
050 ## - LIBRARY OF CONGRESS CALL NUMBER
Classification number TJ1-1570
072 ## - SUBJECT CATEGORY CODE
Subject category code TGB
Source bicssc
072 ## - SUBJECT CATEGORY CODE
Subject category code TEC009070
Source bisacsh
072 ## - SUBJECT CATEGORY CODE
Subject category code TGB
Source thema
082 ## - DEWEY DECIMAL CLASSIFICATION NUMBER
Classification number 621
Edition number 23
100 ## - MAIN ENTRY--PERSONAL NAME
Personal name Chatjigeorgiou, Ioannis K.
Relator term author.
Relationship aut
-- http://id.loc.gov/vocabulary/relators/aut
245 ## - TITLE STATEMENT
Title Dynamic Behavior of Pipelines for Marine Applications
Medium [electronic resource] /
Statement of responsibility, etc. by Ioannis K. Chatjigeorgiou.
250 ## - EDITION STATEMENT
Edition statement 1st ed. 2023.
260 ## - PUBLICATION, DISTRIBUTION, ETC.
Place of publication, distribution, etc. Cham :
Name of publisher, distributor, etc. Springer International Publishing :
-- Imprint: Springer,
Date of publication, distribution, etc. 2023.
300 ## - PHYSICAL DESCRIPTION
Extent XIV, 193 p. 77 illus., 38 illus. in color.
Other physical details online resource.
336 ## - CONTENT TYPE
Content type term text
Content type code txt
Source rdacontent
337 ## - MEDIA TYPE
Media type term computer
Media type code c
Source rdamedia
338 ## - CARRIER TYPE
Carrier type term online resource
Carrier type code cr
Source rdacarrier
347 ## - DIGITAL FILE CHARACTERISTICS
File type text file
Encoding format PDF
Source rda
490 ## - SERIES STATEMENT
Series statement Synthesis Lectures on Ocean Systems Engineering,
International Standard Serial Number 2692-4471
505 ## - FORMATTED CONTENTS NOTE
Formatted contents note Introduction -- nonlinear dynamics of a curve in three dimensions -- distributed forces hydrodynamic loads -- inner flow models -- linear and nonlinear dynamics of pipelines -- linear and nonlinear dynamics of pipelines -- extreme loading dynamic buckling.
520 ## - SUMMARY, ETC.
Summary, etc. The dynamic behavior of pipelines describes the time-varying continuous response of these structures under extreme effects, that are generated by the surrounding environment (waves and sea currents) and motions imposed by the host floating facility. This book describes all known impacts that affect the behavior and operation of a pipeline conveying an inner flow for underwater applications. "Known Impacts" are those phenomena that are considered important according to practice and experience. Underwater pipelines are typical, unique structures that are attached to unique floating facilities. The design and utilization of underwater pipelines depend strongly on the installation site and the intended application's particulars. It is possible that future technology demands will require us to cope with additional challenges that will be considered important for the design and operation of underwater pipelines, leading inevitably to the enhancement of the "known challenges".
650 ## - SUBJECT ADDED ENTRY--TOPICAL TERM
Topical term or geographic name entry element Mechanical engineering.
650 ## - SUBJECT ADDED ENTRY--TOPICAL TERM
Topical term or geographic name entry element Engineering mathematics.
650 ## - SUBJECT ADDED ENTRY--TOPICAL TERM
Topical term or geographic name entry element Engineering
General subdivision Data processing.
650 ## - SUBJECT ADDED ENTRY--TOPICAL TERM
Topical term or geographic name entry element Oceanography.
650 ## - SUBJECT ADDED ENTRY--TOPICAL TERM
Topical term or geographic name entry element Mechanical Engineering.
650 ## - SUBJECT ADDED ENTRY--TOPICAL TERM
Topical term or geographic name entry element Mathematical and Computational Engineering Applications.
650 ## - SUBJECT ADDED ENTRY--TOPICAL TERM
Topical term or geographic name entry element Ocean Sciences.
710 ## - ADDED ENTRY--CORPORATE NAME
Corporate name or jurisdiction name as entry element SpringerLink (Online service)
773 ## - HOST ITEM ENTRY
Title Springer Nature eBook
776 ## - ADDITIONAL PHYSICAL FORM ENTRY
Relationship information Printed edition:
International Standard Book Number 9783031248269
776 ## - ADDITIONAL PHYSICAL FORM ENTRY
Relationship information Printed edition:
International Standard Book Number 9783031248283
830 ## - SERIES ADDED ENTRY--UNIFORM TITLE
Uniform title Synthesis Lectures on Ocean Systems Engineering,
International Standard Serial Number 2692-4471
856 ## - ELECTRONIC LOCATION AND ACCESS
Uniform Resource Identifier <a href="https://doi.org/10.1007/978-3-031-24827-6">https://doi.org/10.1007/978-3-031-24827-6</a>
912 ## -
-- ZDB-2-SXSC
Holdings
Withdrawn status Lost status Damaged status Not for loan Permanent Location Current Location Date acquired Date last seen Price effective from Koha item type
        IMU-MPC Library IMU-MPC Library 2025-01-03 2025-01-03 2025-01-03 E-Book
Copyright © 2021 Indian Maritime University, Mumbai Port Campus. All Rights Reserved. Managed & Maintained by Central Library, IMU-Mumbai

webs counters

Powered by Koha